| 000 | 00369nam a2200109Ia 4500 | ||
|---|---|---|---|
| 008 | 220512s9999 xx 000 0 eng d | ||
| 245 | 0 | _aHow much should you own? Cross-Ownership and Privatization / | |
| 260 |
_aMumbai : _bIndira Gandhi Institute of Development Research, _cMar-12 |
||
| 500 | _aMumbai Working Paper No WP-2012-008 | ||
| 546 | _aEnglish | ||
| 942 | _cPR | ||
| 999 |
_c36787 _d36787 |
||